000 00462nam a2200169 i 4500
001 bg
100 1 _aOKOŃ, Wincenty
245 0 _aProces naucznania /
_cWincenty Okoń ; Instytut Pedagogiki.
260 _aWarszawa :
_bPańst. Zakłady Wydawnictw Szkolnych,
_c1965.
300 _a307, [1] s. ;
_c22 cm.
650 9 _aNauczanie
_xzagadnienia
040 _cBPK
041 _apol
080 _a37.01
942 _cKS
008 s pl f |000 0 pol
999 _c24358
_d24358
856 _uhttp://koha.tu.koszalin.pl/cgi-bin/koha/opac-detail.pl?biblionumber=24358
_yKatalog online BPK